00534nam a2200169Ia 4500003000900000008004100009040001600050080001300066100002400079245012600103260003200229300001600261650004100277650002400318650001200342650001000354IN-BaIIA211028s9999 xx 000 0 eng d cIIA Library a533bBRA aBrandstatter, J. J. 3aAn introduction to waves, rays and radiation in plasma mediacJ. J. Brandstatter  aNew YorkbMcGraw-Hillc1963 axiiv, 690p. aAstronomy and astrophysics thesaurus aPlasma astrophysics aPlasmas aWaves